[Event "Hessen-ch Gr-F 64th"]
[Site "Bad Vilbel"]
[Date "2010.04.03"]
[Round "4"]
[White "Schielmann, Marc"]
[Black "Raja, Zaryab"]
[Result "0-1"]
[WhiteElo "1037"]
[BlackElo "780"]
[PlyCount "56"]
[EventDate "2010.03.31"]
[EventType "swiss"]
[EventRounds "5"]
[EventCountry "GER"]
[SourceTitle "EXT 2011"]
[Source "ChessBase"]
[SourceDate "2010.11.26"]
[SourceVersion "1"]
[SourceVersionDate "2010.11.26"]
[SourceQuality "1"]

1. c4 e5 2. g3 Nf6 3. Bg2 d6 4. e3 Be6 5. Bxb7 Nbd7 6. Bxa8 Qxa8 7. f3 e4 8. Nc3 Bxc4 9. b3 Be6 10. Nb5 Qb7 11. Nd4 Bd5 12. f4 c5 13. Nde2 c4 14. Nc3 cxb3 15. Nxd5 Qxd5 16. axb3 a5 17. Ne2 Qh5 18. h4 Be7 19. Nd4 Qd5 20. Qc2 0-0 21. Nc6 Re8 22. Rxa5 Nc5 23. Nxe7+ Rxe7 24. b4 Nd3+ 25. Kf1 Qe6 26. Bb2 Qg4 27. Kg2 Qf3+ 28. Kh3 Nf2+ 0-1

[Event "Hessen-ch Gr-F 64th"]
[Site "Bad Vilbel"]
[Date "2010.04.02"]
[Round "1"]
[White "Raja, Zaryab"]
[Black "Helwer, Demetrius"]
[Result "0-1"]
[WhiteElo "780"]
[BlackElo "1238"]
[PlyCount "74"]
[EventDate "2010.03.31"]
[EventType "swiss"]
[EventRounds "5"]
[EventCountry "GER"]
[SourceTitle "EXT 2011"]
[Source "ChessBase"]
[SourceDate "2010.11.26"]
[SourceVersion "1"]
[SourceVersionDate "2010.11.26"]
[SourceQuality "1"]

1. c4 e5 2. e4 Bc5 3. Nc3 Nf6 4. d3 d6 5. Bg5 h6 6. Bh4 0-0 7. Nd5 Nbd7 8. Qf3 c6 9. Nxf6+ Nxf6 10. Bxf6 Qxf6 11. Qxf6 gxf6 12. g3 f5 13. Nh3 fxe4 14. dxe4 Bg4 15. Bg2 Bb4+ 16. Kf1 f5 17. a3 Bc5 18. Ng1 fxe4 19. h3 Rxf2+ 20. Ke1 Rxg2 21. hxg4 Rxg1+ 22. Rxg1 Bxg1 23. Ke2 Bd4 24. Rh1 Kg7 25. Rh5 Rf8 26. g5 Rf2+ 27. Kd1 Be3 28. gxh6+ Bxh6 29. c5 d5 30. Rxe5 Rxb2 31. g4 Kg6 32. Rh5 Rd2+ 33. Ke1 Rg2 34. Rh4 Kg5 35. Kf1 Kxh4 36. Kxg2 Kxg4 37. Kf2 Bf8 0-1

[Event "Hessen-ch Gr-F 64th"]
[Site "Bad Vilbel"]
[Date "2010.04.02"]
[Round "2"]
[White "Schnaubert, Soeren"]
[Black "Raja, Zaryab"]
[Result "1/2-1/2"]
[WhiteElo "1207"]
[BlackElo "780"]
[PlyCount "94"]
[EventDate "2010.03.31"]
[EventType "swiss"]
[EventRounds "5"]
[EventCountry "GER"]
[SourceTitle "EXT 2011"]
[Source "ChessBase"]
[SourceDate "2010.11.26"]
[SourceVersion "1"]
[SourceVersionDate "2010.11.26"]
[SourceQuality "1"]

1. e4 e5 2. Nf3 Nc6 3. d4 Bd6 4. d5 Nce7 5. c4 Nf6 6. Nc3 Bb4 7. Bd3 d6 8. 0-0 h6 9. Be3 c5 10. dxc6 Nxc6 11. a3 Bxc3 12. bxc3 0-0 13. Qc2 Bg4 14. Be2 Qd7 15. c5 dxc5 16. Bxc5 Rfc8 17. Rfd1 Qe6 18. Qa4 a6 19. Rd6 b5 20. Rxe6 bxa4 21. Rd6 Nxe4 22. Rd5 Nxc3 23. Rd2 e4 24. Nd4 Nxd4 25. Bxg4 Rxc5 26. Rxd4 h5 27. Bd1 Re8 28. g3 e3 29. fxe3 Rxe3 30. Rd8+ Kh7 31. Bc2+ Kh6 32. Rh8+ Kg5 33. h4+ Kf6 34. Rf1+ Ke7 35. Bb1 Rce5 36. Rb8 Ne2+ 37. Kh2 Rxg3 38. Rb7+ Ke6 39. Ba2+ Kd6 40. Rb6+ Kc5 41. Rxa6 Re4 42. Rf5+ Kd4 43. Rxa4+ Ke3 44. Rxe4+ Kxe4 45. Rxh5 Rxa3 46. Bxf7 Kf4 47. Rg5 Rg3 1/2-1/2